000 00604cam a22002171 4500
001 ne 63001038
003 DLC
005 20260227111745.0
008 880714s1962 ua 000 0 arar
010 _ane 63001038
035 _a(OCoLC)18215896
040 _aDLC
_cWaU
_dDLC
042 _apremarc
050 0 0 _aB143.M83
_bS3
100 1 _aShukrī, Ghālī.
245 1 0 _aSalāmah Mūsá wa-azmat al-ḍamīr al-ʻArabī
_c[taʼlīf] Ghālī Shukrī.
250 _a[Ṭabʻah 1]
260 _aMiṣr,
_bMaktabat al-Khānjī,
_c[1962]
300 _a341 p.
600 1 0 _aMūsá, Salāmah,
_d1887-1958.
999 _c45911
_d45911